[Event "Stuttgart-chA int"]
[Site "Ditzingen"]
[Date "2005.05.06"]
[Round "4"]
[White "Weisenburger, Horst"]
[Black "Brunner, Alexander"]
[Result "1-0"]
[WhiteElo "2179"]
[BlackElo "2004"]
[PlyCount "71"]
[EventDate "2005.05.05"]
[EventType "swiss"]
[EventRounds "7"]
[EventCountry "GER"]
[SourceTitle "EXT 2018"]
[Source "ChessBase"]
[SourceDate "2017.10.13"]
[SourceVersion "1"]
[SourceVersionDate "2017.10.13"]
[SourceQuality "1"]

1. e4 d6 2. d4 Nf6 3. Nc3 g6 4. Be3 Bg7 5. f3 Nbd7 6. Qd2 e5 7. d5 a6 8. Bh6 0-0 9. h4 Qe7 10. g4 Re8 11. Bxg7 Kxg7 12. h5 Ng8 13. Nh3 Nf8 14. 0-0-0 c5 15. Be2 b5 16. Rdg1 b4 17. Nd1 a5 18. Ne3 Kh8 19. Bc4 Ra7 20. g5 a4 21. Nf2 b3 22. cxb3 a3 23. f4 axb2+ 24. Qxb2 Bd7 25. Nfg4 Rea8 26. a4 Bxg4 27. Nxg4 Nd7 28. Bb5 Rc8 29. Kb1 Rb7 30. Rg2 Kg7 31. Rgh2 Rxb5 32. axb5 Kf8 33. hxg6 hxg6 34. Rh8 f5 35. R1h7 fxg4 36. Qh2 1-0